[Event "Kowalewo Pomorskie op"]
[Site "Kowalewo Pomorskie"]
[Date "2013.07.13"]
[Round "5"]
[White "Szopieraj, Dariusz"]
[Black "Smal, Tobiasz"]
[Result "1/2-1/2"]
[WhiteElo "2069"]
[BlackElo "1893"]
[PlyCount "88"]
[EventDate "2013.07.10"]
[EventType "swiss"]
[EventRounds "9"]
[EventCountry "POL"]
[SourceTitle "CBM 155 Extra"]
[Source "ChessBase"]
[SourceDate "2013.08.26"]
[SourceVersion "1"]
[SourceVersionDate "2013.08.26"]
[SourceQuality "1"]

1. c4 Nf6 2. Nc3 g6 3. g3 Bg7 4. Bg2 0-0 5. Nf3 Nc6 6. d4 d6 7. 0-0 a6 8. Bg5 Rb8 9. Rc1 h6 10. Bxf6 Bxf6 11. Nd5 Bg7 12. h3 Bd7 13. Qd2 e6 14. Nc3 Kh7 15. b3 e5 16. dxe5 dxe5 17. Rfd1 Nd4 18. Ne1 Bc6 19. Nd5 Re8 20. e3 Nf5 21. Qa5 Bxd5 22. Rxd5 Qc8 23. Rcd1 b6 24. Qd2 e4 25. c5 Qe6 26. Rd7 Bf8 27. Qd5 Qxd5 28. R1xd5 Kg8 29. Rxc7 Bxc5 30. Bf1 Re7 31. Rdd7 Rxd7 32. Rxd7 a5 33. Bc4 Nd6 34. Bd5 Re8 35. Nc2 Re5 36. Bc6 Kf8 37. Nd4 Nf5 38. Nxf5 gxf5 39. Kf1 Be7 40. Rd2 Kg7 41. Ke2 Kf6 42. Bb7 Bb4 43. Rd7 Re7 44. Rxe7 Kxe7 1/2-1/2

[Event "Kowalewo Pomorskie op"]
[Site "Kowalewo Pomorskie"]
[Date "2013.07.11"]
[Round "3"]
[White "Szopieraj, Dariusz"]
[Black "Zielinski, Olgierd"]
[Result "1/2-1/2"]
[WhiteElo "2069"]
[BlackElo "1900"]
[PlyCount "45"]
[EventDate "2013.07.10"]
[EventType "swiss"]
[EventRounds "9"]
[EventCountry "POL"]
[SourceTitle "CBM 155 Extra"]
[Source "ChessBase"]
[SourceDate "2013.08.26"]
[SourceVersion "1"]
[SourceVersionDate "2013.08.26"]
[SourceQuality "1"]

1. e4 c5 2. Nf3 e6 3. d3 Nc6 4. g3 g6 5. Bg2 Bg7 6. 0-0 Nge7 7. Re1 Nd4 8. Nbd2 Nec6 9. c3 Nxf3+ 10. Nxf3 d6 11. d4 cxd4 12. cxd4 0-0 13. d5 exd5 14. exd5 Ne5 15. Nxe5 dxe5 16. Be3 b6 17. Qb3 Qd6 18. Rac1 Bb7 19. Bc5 bxc5 20. Qxb7 Rfb8 21. Qc6 Bf8 22. b3 a5 23. Rc4 1/2-1/2

[Event "Chojnice op 6th"]
[Site "Chojnice"]
[Date "2010.07.14"]
[Round "7"]
[White "Szopieraj, Dariusz"]
[Black "Harmata, Marek"]
[Result "1-0"]
[WhiteElo "2099"]
[BlackElo "1825"]
[PlyCount "68"]
[EventDate "2010.07.08"]
[EventType "swiss"]
[EventRounds "9"]
[EventCountry "POL"]
[SourceTitle "CBM 137 Extra"]
[Source "ChessBase"]
[SourceDate "2010.09.01"]
[SourceVersion "1"]
[SourceVersionDate "2010.09.01"]
[SourceQuality "1"]

1. Nf3 Nf6 2. c4 g6 3. d4 Bg7 4. g3 0-0 5. Bg2 d6 6. 0-0 c6 7. Nc3 Nbd7 8. e4 e5 9. dxe5 dxe5 10. Qc2 a5 11. h3 Qc7 12. Be3 b6 13. Rfd1 Ba6 14. b3 Rad8 15. Na4 Qb8 16. Rac1 Rfe8 17. c5 b5 18. Nb6 Nxb6 19. cxb6 Bb7 20. a4 b4 21. Nd2 Qa8 22. Nc4 Rxd1+ 23. Rxd1 Bf8 24. Nd6 Rd8 25. Nxb7 Rxd1+ 26. Qxd1 Qxb7 27. Qd8 Qe7 28. Qc8 Ne8 29. b7 Nd6 30. b8Q Nxc8 31. Qxc8 c5 32. Bh6 c4 33. Bxf8 Qxf8 34. Qxc4 Qd6 1-0

[Event "Chojnice op 6th"]
[Site "Chojnice"]
[Date "2010.07.11"]
[Round "3"]
[White "Szopieraj, Dariusz"]
[Black "Budrewicz, Krzysztof"]
[Result "1-0"]
[WhiteElo "2099"]
[BlackElo "2269"]
[PlyCount "73"]
[EventDate "2010.07.08"]
[EventType "swiss"]
[EventRounds "9"]
[EventCountry "POL"]
[SourceTitle "CBM 137 Extra"]
[Source "ChessBase"]
[SourceDate "2010.09.01"]
[SourceVersion "1"]
[SourceVersionDate "2010.09.01"]
[SourceQuality "1"]

1. e4 c6 2. d4 d5 3. Nc3 dxe4 4. Nxe4 Nf6 5. Ng3 Qc7 6. Nf3 Bg4 7. Be2 Nbd7 8. 0-0 h5 9. Re1 h4 10. Nf1 h3 11. g3 e6 12. Bf4 Qb6 13. N1d2 Bxf3 14. Nxf3 0-0-0 15. a4 a5 16. c4 c5 17. d5 exd5 18. cxd5 Bd6 19. Bxd6 Qxd6 20. Qd2 b6 21. Rad1 Kb8 22. Ng5 Rdf8 23. f4 g6 24. Bf1 c4 25. Bxc4 Rc8 26. Nxf7 Qc5+ 27. Qd4 Qxc4 28. Qxc4 Rxc4 29. Nxh8 Rc2 30. Nxg6 Rg2+ 31. Kf1 Ng4 32. Re8+ Kb7 33. Ke1 Nxh2 34. Rd3 Nc5 35. Rde3 Kc7 36. R3e7+ Nd7 37. Ne5 1-0

[Event "Chojnice op 6th"]
[Site "Chojnice"]
[Date "2010.07.10"]
[Round "2"]
[White "Myzyk, Jan"]
[Black "Szopieraj, Dariusz"]
[Result "1-0"]
[WhiteElo "2133"]
[BlackElo "2099"]
[PlyCount "99"]
[EventDate "2010.07.08"]
[EventType "swiss"]
[EventRounds "9"]
[EventCountry "POL"]
[SourceTitle "CBM 137 Extra"]
[Source "ChessBase"]
[SourceDate "2010.09.01"]
[SourceVersion "1"]
[SourceVersionDate "2010.09.01"]
[SourceQuality "1"]

1. d4 Nf6 2. Nf3 e6 3. c4 b6 4. a3 Bb7 5. Nc3 Be7 6. Qc2 d5 7. cxd5 exd5 8. Bf4 a6 9. e3 0-0 10. Bd3 Nbd7 11. Rd1 h6 12. 0-0 Re8 13. Bf5 Bd6 14. Bxd6 cxd6 15. Ne1 Ne4 16. f3 Nxc3 17. Qxc3 g6 18. Bb1 Rc8 19. Qd2 Qg5 20. f4 Qe7 21. Rf3 Nf6 22. Rh3 Kg7 23. Nd3 Ne4 24. Qb4 b5 25. Nf2 Rc4 26. Qe1 Bc8 27. Bxe4 dxe4 28. Rg3 d5 29. Ng4 Bxg4 30. Rxg4 f5 31. Rh4 Rc2 32. g4 Rec8 33. gxf5 gxf5 34. Qg3+ Kh7 35. Qh3 Qg7+ 36. Kf1 Qg6 37. Rh5 Rxb2 38. Rxh6+ Qxh6 39. Qxf5+ Qg6 40. Qh3+ Kg7 41. Qd7+ Qf7 42. Qxc8 Rxh2 43. Rc1 Rh1+ 44. Kf2 Rxc1 45. Qxc1 Qd7 46. Ke2 b4 47. Qc5 Qb7 48. Kd2 b3 49. Qb4 Qxb4+ 50. axb4 1-0

[Event "Polanica Zdroj op"]
[Site "Polanica Zdroj"]
[Date "1996.??.??"]
[Round "?"]
[White "Nowak, Rafal"]
[Black "Szopieraj, Dariusz"]
[Result "1-0"]
[WhiteElo "2180"]
[BlackElo "2155"]
[PlyCount "135"]
[EventDate "1996.??.??"]
[EventType "swiss"]
[EventRounds "10"]
[EventCountry "POL"]
[SourceTitle "EXT 1998"]
[Source "ChessBase"]
[SourceDate "1997.11.17"]
[SourceVersion "1"]
[SourceVersionDate "1997.11.17"]
[SourceQuality "1"]

1. c4 Nf6 2. g3 e6 3. Nf3 b6 4. Bg2 Bb7 5. 0-0 c5 6. Nc3 Be7 7. d4 cxd4 8. Nxd4 Bxg2 9. Kxg2 Qc8 10. Qd3 Nc6 11. Nxc6 Qxc6+ 12. e4 0-0 13. f3 Rfd8 14. Rd1 Rac8 15. b3 d6 16. Ba3 Nd7 17. Rac1 Nc5 18. Qe2 Bf6 19. Nb5 Rd7 20. Bb2 Bxb2 21. Qxb2 a6 22. Nd4 Qb7 23. Rc2 d5 24. cxd5 exd5 25. Nf5 f6 26. Rxd5 Rxd5 27. exd5 Qd7 28. Ne3 Re8 29. Qd4 Qe7 30. Kf2 Qd7 31. b4 Qa4 32. d6 Nd7 33. Rd2 Ne5 34. Qxb6 Qd7 35. Qd4 Qh3 36. Qd5+ Kh8 37. Nf1 h5 38. a4 Rc8 39. d7 Rd8 40. f4 Qxd7 41. Qxd7 Nxd7 42. Rd6 a5 43. Ne3 axb4 44. Ke2 b3 45. Kd2 Rb8 46. Kc1 Nc5 47. a5 b2+ 48. Kb1 Na4 49. Nd1 Ra8 50. a6 h4 51. Rc6 hxg3 52. hxg3 Rb8 53. a7 Ra8 54. Rc7 Nb6 55. Rb7 Nc8 56. Rb8 Rxa7 57. Rxc8+ Kh7 58. Kxb2 Re7 59. Kc1 Re2 60. Rc2 Re1 61. Rg2 Kg6 62. Kd2 Re8 63. Ne3 Re7 64. Ke2 Ra7 65. Kf3 Ra3 66. Rb2 Kh6 67. Rb7 g5 68. Re7 1-0

[Event "Polanica Zdroj op"]
[Site "Polanica Zdroj"]
[Date "1996.??.??"]
[Round "?"]
[White "Szopieraj, Dariusz"]
[Black "Gralka, Przemyslaw"]
[Result "1/2-1/2"]
[WhiteElo "2155"]
[BlackElo "2285"]
[PlyCount "140"]
[EventDate "1996.??.??"]
[EventType "swiss"]
[EventRounds "10"]
[EventCountry "POL"]
[SourceTitle "EXT 1998"]
[Source "ChessBase"]
[SourceDate "1997.11.17"]
[SourceVersion "1"]
[SourceVersionDate "1997.11.17"]
[SourceQuality "1"]

1. e4 c6 2. d4 d5 3. Nc3 dxe4 4. Nxe4 Bf5 5. Ng3 Bg6 6. Nf3 Nd7 7. h4 h6 8. h5 Bh7 9. Bd3 Bxd3 10. Qxd3 Qc7 11. Bd2 e6 12. 0-0-0 Ngf6 13. Ne4 0-0-0 14. g3 Nxe4 15. Qxe4 Nf6 16. Qe2 c5 17. dxc5 Bxc5 18. Bf4 Bd6 19. Rxd6 Rxd6 20. Bxd6 Qxd6 21. Ne5 Qc7 22. Rh4 Kb8 23. Rc4 Qe7 24. Rc3 Nd5 25. Rb3 Rc8 26. Kb1 f6 27. Nf3 Qc5 28. Ne1 e5 29. Rb5 Qc6 30. Qd3 Nc7 31. Rb3 Qh1 32. Qe2 Ne6 33. Rc3 Rxc3 34. bxc3 Nc5 35. Qd2 Kc7 36. c4 b6 37. Kb2 Qxh5 38. Nd3 Nxd3+ 39. cxd3 Qg4 40. Kc2 Qd4 41. Qe2 Kd6 42. Qf3 Kc5 43. a3 Kd6 44. Qf5 Ke7 45. Qf3 a5 46. Qb7+ Kf8 47. f4 exf4 48. gxf4 h5 49. f5 Kg8 50. Qf3 h4 51. Qh5 Kf8 52. Qh8+ Kf7 53. Qh5+ Ke7 54. Qg6 Kf8 55. Qh5 Qf2+ 56. Kc3 Qa2 57. Qxh4 Qxa3+ 58. Kc2 Qa4+ 59. Kc1 Qa1+ 60. Kc2 Qe5 61. Qh8+ Kf7 62. Qh5+ Ke7 63. Qg4 Kf8 64. Qf3 Qe8 65. Qd5 Qa4+ 66. Kb2 Qb4+ 67. Kc2 Qe7 68. Qa8+ Qe8 69. Qd5 Qe2+ 70. Kb3 Qd1+ 1/2-1/2

[Event "Krynica op"]
[Site "Krynica"]
[Date "1995.??.??"]
[Round "8"]
[White "Adamski, Jan"]
[Black "Szopieraj, Dariusz"]
[Result "1-0"]
[WhiteElo "2390"]
[BlackElo "2165"]
[PlyCount "30"]
[EventDate "1995.??.??"]
[EventType "swiss"]
[EventRounds "9"]
[EventCountry "POL"]
[SourceTitle "EXT 2004"]
[Source "ChessBase"]
[SourceDate "2003.11.25"]
[SourceVersion "1"]
[SourceVersionDate "2003.11.25"]
[SourceQuality "1"]

1. Nf3 Nf6 2. c4 b6 3. g3 e5 4. Bg2 Bb7 5. 0-0 Be7 6. d4 0-0 7. Nc3 Ne4 8. Bd2 f5 9. d5 Nxd2 10. Qxd2 Bf6 11. Rfe1 e4 12. Nd4 Bxd4 13. Qxd4 Na6 14. Rad1 Qf6 15. Qxf6 Rxf6 1-0

[Event "Krynica op"]
[Site "Krynica"]
[Date "1995.??.??"]
[Round "3"]
[White "Hnydiuk, Aleksander"]
[Black "Szopieraj, Dariusz"]
[Result "1/2-1/2"]
[WhiteElo "2275"]
[BlackElo "2165"]
[PlyCount "67"]
[EventDate "1995.??.??"]
[EventType "swiss"]
[EventRounds "9"]
[EventCountry "POL"]
[SourceTitle "EXT 2004"]
[Source "ChessBase"]
[SourceDate "2003.11.25"]
[SourceVersion "1"]
[SourceVersionDate "2003.11.25"]
[SourceQuality "1"]

1. e4 Nf6 2. e5 Nd5 3. c4 Nb6 4. c5 Nd5 5. Nc3 e6 6. Nxd5 exd5 7. d4 d6 8. cxd6 cxd6 9. Nf3 Nc6 10. Be2 Be7 11. 0-0 0-0 12. Bf4 dxe5 13. Nxe5 Qb6 14. Nxc6 bxc6 15. Rc1 Qxb2 16. Rxc6 Qxa2 17. Bd3 g6 18. Re1 Be6 19. Bh6 Rfe8 20. Rcxe6 fxe6 21. Qg4 Rf8 22. Bxf8 Rxf8 23. Qxe6+ Rf7 24. Qe3 Bg5 25. Qg3 Bf4 26. Qh4 Qd2 27. Qd8+ Kg7 28. Re8 Bg5 29. Rg8+ Kh6 30. Rxg6+ Kh5 31. g4+ Kxg4 32. Be2+ Kf5 33. Bd3+ Kg4 34. Be2+ 1/2-1/2

[Event "Krynica op"]
[Site "Krynica"]
[Date "1995.??.??"]
[Round "2"]
[White "Szopieraj, Dariusz"]
[Black "Ulak, Slawomir"]
[Result "1-0"]
[WhiteElo "2165"]
[BlackElo "2320"]
[PlyCount "71"]
[EventDate "1995.??.??"]
[EventType "swiss"]
[EventRounds "9"]
[EventCountry "POL"]
[SourceTitle "EXT 2004"]
[Source "ChessBase"]
[SourceDate "2003.11.25"]
[SourceVersion "1"]
[SourceVersionDate "2003.11.25"]
[SourceQuality "1"]

1. d4 d5 2. Nf3 Nf6 3. c4 c6 4. cxd5 cxd5 5. Nc3 Nc6 6. Bf4 a6 7. Ne5 Qb6 8. Nxc6 bxc6 9. Qd2 Bf5 10. e3 Ne4 11. Nxe4 Bxe4 12. f3 Bxf3 13. gxf3 e5 14. 0-0-0 exf4 15. exf4 Be7 16. h4 0-0 17. h5 Rfb8 18. Bd3 c5 19. Rdg1 c4 20. Bf5 Bf6 21. Rd1 Qd6 22. Kb1 a5 23. Ka1 a4 24. Rb1 Qb6 25. Rhd1 Be7 26. Qc2 Qh6 27. Bd7 Qxf4 28. Qe2 Bf6 29. Bc6 Ra5 30. Qe1 Qc7 31. Bd7 Rba8 32. Bg4 Rb5 33. Qd2 Rab8 34. Bf5 Be7 35. Rg1 Kh8 36. Rxg7 1-0